El diseño industrial y su estética

-д хадгалсан:
Номзүйн дэлгэрэнгүй
Үндсэн зохиолч: Dorfles, Gillo (Зохиогч)
Формат: Ном
Хэл сонгох:испани
Хэвлэсэн: Barcelona Labor 1968
Цуврал:Nueva Colección Labor. Figuras, 47
Нөхцлүүд:
Шошгууд: Шошго нэмэх
Шошго байхгүй, Энэхүү баримтыг шошголох эхний хүн болох!

MARC

LEADER 00000nam a2200000 a 4500
001 UCP9854
003 CL-VaPUC
008 000407e19680000SP |||||||||||||||||spa|d
082 0 4 |a 745.2  |b DOR  |2 21 
100 0 |a Dorfles, Gillo  |e author  |9 440733 
245 1 3 |a El diseño industrial y su estética 
300 |a 147 p 
942 |c BK 
945 |d 20000407 00:00:00  |a crobeson 
260 |a Barcelona  |b Labor  |c 1968 
650 0 |a Diseño industrial  |9 262726 
650 0 |a Diseño gráfico  |9 266874 
650 0 |a Estilos artísticos  |9 340996 
650 7 |a DESARROLLO DE LOS PRODUCTOS  |2 CL-VaPUC  |9 347997 
583 |a last modification  |c 20000407 00:00:00  |k Rodrigo Vera 
490 0 |a Nueva Colección Labor. Figuras, 47 
999 |c 286635  |d 286633 
952 |0 0  |1 0  |4 0  |6 745_200000000000000_DOR_1968  |7 0  |8 A  |9 332674  |a BIBHIS  |b BIBHIS  |d 2019-11-20  |i 1398709  |o 745.2 DOR 1968  |p 1398709  |r 2025-01-20  |w 2019-11-20  |y BK  |k HIS 
952 |0 0  |1 0  |4 0  |6 745_200000000000000_DOR_1968  |7 0  |8 A  |9 332675  |a BIBARQ  |b BIBARQ  |d 2019-11-20  |i 3675742  |l 1  |o 745.2 DOR 1968  |p 3675742  |r 2025-01-20  |s 2022-08-16  |w 2019-11-20  |y BK  |k ARQ